[Event "IRI-ch U12"]
[Site "Chess.com INT"]
[Date "2021.01.16"]
[Round "7"]
[White "Dehghani, Parsa"]
[Black "Beygi, Mahyar"]
[Result "1-0"]
[WhiteElo "1696"]
[BlackElo "1355"]
[PlyCount "59"]
[EventDate "2021.01.16"]
[EventType "swiss"]
[EventRounds "11"]
[EventCountry "IRI"]
[SourceTitle "EXT 2022"]
[Source "ChessBase"]
[SourceDate "2021.10.06"]
[SourceVersion "1"]
[SourceVersionDate "2021.10.06"]
[SourceQuality "1"]

1. d4 d5 2. c4 dxc4 3. e4 e5 4. Nf3 Nc6 5. d5 Na5 6. Nxe5 Nf6 7. Qa4+ c6 8. Bd2 Qc7 9. f4 b6 10. Bxa5 bxa5 11. Qxc4 Bb7 12. dxc6 Bc8 13. Nc3 Be6 14. Qa4 Bb4 15. Bd3 0-0 16. 0-0 Rab8 17. Kh1 Rfe8 18. Nb5 Qb6 19. a3 Bc5 20. b4 Bd4 21. Nxd4 Qxd4 22. c7 Rbc8 23. Qxa5 Nd7 24. Ba6 Nb6 25. Bxc8 Bxc8 26. Qc5 Qxe4 27. Rae1 Qf5 28. Nc6 Rxe1 29. Rxe1 Qxf4 30. Re8# 1-0

[Event "IRI-ch U12"]
[Site "Chess.com INT"]
[Date "2021.01.16"]
[Round "11"]
[White "Dehghani, Parsa"]
[Black "Jalalvand, Amir Hesam"]
[Result "1/2-1/2"]
[WhiteElo "1696"]
[BlackElo "1685"]
[PlyCount "252"]
[EventDate "2021.01.16"]
[EventType "swiss"]
[EventRounds "11"]
[EventCountry "IRI"]
[SourceTitle "EXT 2022"]
[Source "ChessBase"]
[SourceDate "2021.10.06"]
[SourceVersion "1"]
[SourceVersionDate "2021.10.06"]
[SourceQuality "1"]

1. d4 d5 2. c4 e6 3. Nf3 Nf6 4. g3 c5 5. cxd5 exd5 6. Bg2 Nc6 7. 0-0 cxd4 8. Nxd4 Bc5 9. Nxc6 bxc6 10. Qc2 Qb6 11. Nc3 Bd6 12. Bg5 Be6 13. Bxf6 gxf6 14. e4 d4 15. Na4 Qa5 16. Qxc6+ Ke7 17. b4 Bxb4 18. Rab1 Bd7 19. Qc4 Rab8 20. a3 Bxa3 21. Ra1 Rhc8 22. Qd3 Bd6 23. Nb2 Qc3 24. Qxc3 dxc3 25. Nd3 Rc7 26. Rfc1 Bb5 27. Bf1 Bxd3 28. Bxd3 Rb2 29. Rc2 Rxc2 30. Bxc2 Bc5 31. Ra4 Bb6 32. Kg2 Rd7 33. Rc4 Rd2 34. Rxc3 Rxf2+ 35. Kh3 Rd2 36. Bb3 h5 37. g4 hxg4+ 38. Kxg4 Rxh2 39. Bd5 Rd2 40. Kf5 Rf2+ 41. Kg4 a5 42. Rb3 Bc7 43. Rb7 Rc2 44. Ra7 Rc5 45. Kf5 Rc1 46. Kg4 Rc3 47. Kf5 Rc1 48. Kg4 Kd8 49. Bxf7 Rf1 50. Bd5 Rf4+ 51. Kh3 f5 52. exf5 Rxf5 53. Bc6 Rc5 54. Be4 Rc4 55. Bf3 Rf4 56. Kg2 Kc8 57. Ra8+ Kd7 58. Ra6 Rb4 59. Kf1 Rb2 60. Be2 Bb6 61. Ke1 Kc7 62. Ra8 Bc5 63. Kf1 Bb4 64. Kf2 Kb7 65. Rg8 Bc5+ 66. Kf3 a4 67. Bc4 Rc2 68. Bd5+ Kb6 69. Ra8 a3 70. Ke4 Rc3 71. Ra4 Re3+ 72. Kf5 Kb5 73. Ra8 Kb4 74. Rb8+ Ka4 75. Ra8+ Kb5 76. Rb8+ Bb6 77. Ra8 Rc3 78. Ke4 Re3+ 79. Kf5 Bd4 80. Be6 Bb2 81. Bg8 Re5+ 82. Kf4 Re7 83. Kf3 Kb4 84. Rb8+ Kc3 85. Ra8 Kc2 86. Ba2 Re1 87. Bg8 Kb1 88. Bd5 Rd1 89. Bg8 Rd7 90. Ke4 Re7+ 91. Kf3 Rc7 92. Ke4 Rc1 93. Kf3 Rh1 94. Ke4 Rh8 95. Kd3 Kc1 96. Ke4 Kd2 97. Kf5 Rh5+ 98. Kg4 Rb5 99. Kf3 Kc3 100. Ke4 Kb4 101. Kf3 Ra5 102. Rxa5 Kxa5 103. Ke2 Kb4 104. Kd1 Bh8 105. Kc2 Bb2 106. Kb1 Kc3 107. Ba2 Kd2 108. Bg8 Bc1 109. Bf7 Kd1 110. Bg8 Bb2 111. Bf7 Kd2 112. Bg8 Ke3 113. Bf7 Kf4 114. Ba2 Kg5 115. Bb3 Kf6 116. Ba2 Kg7 117. Bb3 Kf8 118. Ba2 Ke7 119. Bb3 Kd6 120. Ba2 Kc5 121. Bg8 Kb4 122. Ba2 Kc5 123. Bg8 Kd6 124. Ba2 Ke7 125. Bg8 Kf8 126. Ba2 Ke7 1/2-1/2